Ministry of Food, Agriculture and Light Industry : 2009.

Bibliographic Details
Corporate Author: Ministry of Food, Agriculture and Light Industry
Format: Book
Published: Bayanzurkh district: Ministry of Food, Agriculture and Light Industry, 2009.
Subjects:
LEADER 00547cam a2200157 7i4500
001 0000024272
005 20100315090000.0
090 0 0 |a MON 641.3   |b MIN 
110 2 0 |a Ministry of Food, Agriculture and Light Industry 
245 2 0 |a Ministry of Food, Agriculture and Light Industry :   |b 2009. 
260 0 0 |a Bayanzurkh district:   |b Ministry of Food, Agriculture and Light Industry,   |c 2009. 
300 # # |a 26 p. 
650 0 0 |a Agriculture --   |z Mongolia  
650 0 0 |a Food --   |z Mongolia  
651 0 0 |a Mongolia  
999 |a 0000026382  |b Book  |c Countries  |e Business Information Centre